000 00572nam a2200217 a 4500
001 BRCA_4026
005 20190320204522.0
008 050210s1910----nyu#######---#000-0#eng-#
041 _aeng
044 _anyu
050 4 _aF1215
_b.F53 1910
100 1 _aFlandrau, Charles Macomb
_910465
245 1 0 _aViva México!
_cCharles Macomb Flandrau.
260 _aNew York
_bD. Appleton
_c1910
300 _a294 p.
_c18 cm.
500 _aC111
650 1 4 _aViajeros estadounidenses
_97583
651 4 _aMéxico
_xDescripción y viajes
_9103
902 _aGFM
942 _2lcc
_cB
999 _c3750
_d3750